BSOP header

Syriac Christianity in the East / (Record no. 20609)

MARC details
000 -LEADER
fixed length control field 00929nam a2200241 4500
008 - FIXED-LENGTH DATA ELEMENTS--GENERAL INFORMATION
fixed length control field 040715s1986 ii b 000 0 eng
090 ## - LOCALLY ASSIGNED LC-TYPE CALL NUMBER (OCLC); LOCAL CALL NUMBER (OCLC)
Classification number (OCLC) (R) ; Classification number, CALL (RLIN) (NR) BX153.2
Local cutter number (OCLC) ; Book number/undivided call number, CALL (RLIN) H12s
100 1# - MAIN ENTRY--PERSONAL NAME
Personal name Hage, Wolfgang.
245 10 - TITLE STATEMENT
Title Syriac Christianity in the East /
Statement of responsibility, etc by Wolfgang Hage.
260 ## - PUBLICATION, DISTRIBUTION, ETC. (IMPRINT)
Place of publication, distribution, etc Kottayam :
Name of publisher, distributor, etc St. Ephrem Ecumenical Research Institute,
Date of publication, distribution, etc 1986.
300 ## - PHYSICAL DESCRIPTION
Extent 96 p. ;
Dimensions 23 cm.
490 1# - SERIES STATEMENT
Series statement Moran Etho series ;
Volume number/sequential designation no. 1
500 ## - GENERAL NOTE
General note "Lectures given at the St. Ephrem Ecumenical Research Institute, Kottayam in March 1986."
504 ## - BIBLIOGRAPHY, ETC. NOTE
Bibliography, etc Includes bibliographical references.
650 #4 - SUBJECT ADDED ENTRY--TOPICAL TERM
Topical term or geographic name as entry element Nestorians
Geographic subdivision Asia, Central.
650 #4 - SUBJECT ADDED ENTRY--TOPICAL TERM
Topical term or geographic name as entry element Nestorians
Geographic subdivision Middle East.
651 #4 - SUBJECT ADDED ENTRY--GEOGRAPHIC NAME
Geographic name Asia, Central
General subdivision Church history.
651 #4 - SUBJECT ADDED ENTRY--GEOGRAPHIC NAME
Geographic name Middle East
General subdivision Church history.
951 ## - EQUIVALENCE OR CROSS-REFERENCE-GEOGRAPHIC NAME/AREA NAME [OBSOLETE] [CAN/MARC only]
General subdivision 00029903
710 22 - ADDED ENTRY--CORPORATE NAME
Corporate name or jurisdiction name as entry element St. Ephrem Ecumenical Research Institute.
830 #0 - SERIES ADDED ENTRY--UNIFORM TITLE
Uniform title M¯or¯an 'Eth'¯o ;
Volume number/sequential designation 1.
951 ## - EQUIVALENCE OR CROSS-REFERENCE-GEOGRAPHIC NAME/AREA NAME [OBSOLETE] [CAN/MARC only]
-- 27285
-- BX153.2/H12s
-- 070613111405796
-- 2000-12-21
-- GC
Holdings
Withdrawn status Lost status Damaged status Not for loan Home library Current library Shelving location Date acquired Accession number Shelving control number Total Checkouts Full call number Barcode Date last seen Price effective from Koha item type
        BSOP Library BSOP Library GC 12/21/2000 27285 127   BX153.2/H12s 00029903 02/23/2013 02/23/2013 Books
BSOP

Biblical Seminary of the Philippines
  All rights Reserved
  © 2024

CONTACT INFORMATION

Biblical Seminary of the Philippines,
  77-B Karuhatan Road, Valenzuela City,
  PHILIPPINES 1441
  Phone: +632 8292-6795 / 8292-6798
  Fax : +632 8292-6675
  Email: library@bsop.edu.ph